Focus on Nursing Pharmacology / (Record no. 10863)
[ view plain ]
| 000 -LEADER | |
|---|---|
| fixed length control field | 04413cam a22004454a 4500 |
| 001 - CONTROL NUMBER | |
| control field | 14528379 |
| 005 - DATE AND TIME OF LATEST TRANSACTION | |
| control field | 20070503140704.0 |
| 007 - PHYSICAL DESCRIPTION FIXED FIELD--GENERAL INFORMATION | |
| fixed length control field | co ugu|||||||| |
| 008 - FIXED-LENGTH DATA ELEMENTS--GENERAL INFORMATION | |
| fixed length control field | 060830s2008 paua b 001 0 eng |
| 010 ## - LIBRARY OF CONGRESS CONTROL NUMBER | |
| LC control number | 2006029012 |
| 016 7# - NATIONAL BIBLIOGRAPHIC AGENCY CONTROL NUMBER | |
| Record control number | 101286275 |
| Source | DNLM |
| 020 ## - INTERNATIONAL STANDARD BOOK NUMBER | |
| International Standard Book Number | 0781790476 (alk. paper) |
| 020 ## - INTERNATIONAL STANDARD BOOK NUMBER | |
| International Standard Book Number | 9780781790475 (alk. paper) |
| 035 ## - SYSTEM CONTROL NUMBER | |
| System control number | (OCoLC)ocm71233159 |
| 035 ## - SYSTEM CONTROL NUMBER | |
| System control number | (OCoLC)71233159 |
| Canceled/invalid control number | (OCoLC)84729086 |
| 040 ## - CATALOGING SOURCE | |
| Original cataloging agency | DNLM/DLC |
| Transcribing agency | DLC |
| Modifying agency | NLM |
| -- | BAKER |
| -- | C#P |
| -- | YDX |
| -- | YDXCP |
| -- | KEC |
| -- | BTCTA |
| -- | DLC |
| 042 ## - AUTHENTICATION CODE | |
| Authentication code | pcc |
| 050 00 - LIBRARY OF CONGRESS CALL NUMBER | |
| Classification number | RM300 |
| Item number | .K37 2008 |
| 060 00 - NATIONAL LIBRARY OF MEDICINE CALL NUMBER | |
| Classification number | 2007 B-506 |
| 060 10 - NATIONAL LIBRARY OF MEDICINE CALL NUMBER | |
| Classification number | QV 4 |
| Item number | K183f 2008 |
| 082 00 - DEWEY DECIMAL CLASSIFICATION NUMBER | |
| Classification number | 615.1 |
| Edition number | 22 |
| Item number | KAR NR |
| 100 1# - MAIN ENTRY--PERSONAL NAME | |
| Personal name | Karch, Amy Morrison, |
| Dates associated with a name | 1949- |
| 245 10 - TITLE STATEMENT | |
| Title | Focus on Nursing Pharmacology / |
| Statement of responsibility, etc | Amy M. Karch. |
| 250 ## - EDITION STATEMENT | |
| Edition statement | 4th ed. |
| 260 ## - PUBLICATION, DISTRIBUTION, ETC. (IMPRINT) | |
| Place of publication, distribution, etc | Philadelphia : |
| Name of publisher, distributor, etc | Wolters Kluwer Health/Lippincott Williams & Wilkins, |
| Date of publication, distribution, etc | c2008. |
| 300 ## - PHYSICAL DESCRIPTION | |
| Extent | xvi, 1072 p. : |
| Other physical details | col. ill. ; |
| Dimensions | 28 cm. + |
| Accompanying material | 1 CD-ROM (4 3/4 in.) |
| 504 ## - BIBLIOGRAPHY, ETC. NOTE | |
| Bibliography, etc | Includes bibliographical references and index. |
| 505 0# - FORMATTED CONTENTS NOTE | |
| Formatted contents note | pt. 1. Introduction to nursing pharmacology. -- Introduction to drugs -- Drugs and the body -- Toxic effects of drugs -- Nursing management -- Dosage calculations -- Drug therapy in the 21st century -- pt. 2. Chemotherapeutic agents. -- Introduction to cell physiology -- Anti-infective agents -- Antibiotics -- Antiviral agents -- Antifungal agents -- Antiprotozoal agents -- Anthelmintic agents -- Antineoplastic agents -- pt. 3. Drugs acting on the immune system. -- Introduction to the immune response and inflammation -- Anti-inflammatory agents -- Immune modulators -- Vaccines and sera -- pt. 4. Drugs acting on the central and peripheral nervous systems. -- Introduction to nerves and the nervous system -- Anxiolytic and hypnotic agents -- Antidepressant agents -- Psychotherapeutic agents -- Antiepileptic agents -- Antiparkinsonism agents -- Muscle relaxants -- Narcotics and antimigraine agents -- General and local anesthetic agents -- Neuromuscular junction blocking agents -- pt. 5. Drugs acting on the autonomic nervous system. -- Introduction to the autonomic nervous system -- Adrenergic agents -- Adrenergic blocking agents -- Cholinergic agents -- Anticholinergic agents -- pt. 6. Drugs acting on the endocrine system. -- Introduction to the endocrine system -- Hypothalamic and pituitary agents -- Adrenocortical agents -- Thyroid and parathyroid agents -- Antidiabetic agents -- pt. 7. Drugs acting on the reproductive system. -- Introduction to the reproductive system -- Drugs affecting the female reproductive system -- Drugs affecting the male reproductive system -- pt. 8. Drugs acting on the cardiovascular system. -- Introduction to the cardiovascular system -- Drugs affecting blood pressure -- Cardiotonic agents -- Antiarrhythmic agents -- Antianginal agents -- Lipid-lowering agents -- Drugs affecting blood coagulation -- Drugs used to treat anemias -- pt. 9. Drugs acting on the renal system. -- Introduction to the kidneys and the urinary tract -- Diuretic agents -- Drugs affecting the urinary tract and the bladder -- pt. 10. Drugs acting on the respiratory system. -- Introduction to the respiratory system -- Drugs acting on the upper respiratory tract -- Drugs used to treat obstructive pulmonary disorders -- pt. 11. Drugs acting on the gastrointestinal system. -- Introduction to the gastrointestinal system -- Drugs affecting gastrointestinal secretions -- Laxative and antidiarrheal agents -- Emetic and antiemetic agents. |
| 650 #0 - SUBJECT ADDED ENTRY--TOPICAL TERM | |
| Topical term or geographic name as entry element | Pharmacology. |
| 650 #0 - SUBJECT ADDED ENTRY--TOPICAL TERM | |
| Topical term or geographic name as entry element | Nursing. |
| 650 12 - SUBJECT ADDED ENTRY--TOPICAL TERM | |
| Topical term or geographic name as entry element | Pharmaceutical Preparations |
| Form subdivision | Nurses' Instruction. |
| 650 22 - SUBJECT ADDED ENTRY--TOPICAL TERM | |
| Topical term or geographic name as entry element | Drug Therapy |
| Form subdivision | Nurses' Instruction. |
| 650 22 - SUBJECT ADDED ENTRY--TOPICAL TERM | |
| Topical term or geographic name as entry element | Pharmacology |
| Form subdivision | Nurses' Instruction. |
| 856 41 - ELECTRONIC LOCATION AND ACCESS | |
| Materials specified | Table of contents only |
| Uniform Resource Identifier | <a href="http://www.loc.gov/catdir/toc/ecip0620/2006029012.html">http://www.loc.gov/catdir/toc/ecip0620/2006029012.html</a> |
| 856 42 - ELECTRONIC LOCATION AND ACCESS | |
| Materials specified | Publisher description |
| Uniform Resource Identifier | <a href="http://www.loc.gov/catdir/enhancements/fy0714/2006029012-d.html">http://www.loc.gov/catdir/enhancements/fy0714/2006029012-d.html</a> |
| 942 ## - ADDED ENTRY ELEMENTS (KOHA) | |
| Source of classification or shelving scheme | Dewey Decimal Classification |
| Item type | Book - Borrowing |
| Withdrawn status | Item status | Source of classification or shelving scheme | Materials specified (bound volume or other part) | Damaged status | Not for loan | Vendor | Home library | Current library | Shelving location | Date acquired | Cost, normal purchase price | Serial Enumeration / chronology | Total Checkouts | Total Renewals | Full call number | Barcode | Date last seen | Date last borrowed | Koha item type | Source of acquisition |
|---|---|---|---|---|---|---|---|---|---|---|---|---|---|---|---|---|---|---|---|---|
| Dewey Decimal Classification | Repaired | Alahram | Central Library | Central Library | First floor | 17/02/2009 | 314.60 | 379 | 20 | 104 | 615.1 KAR NR | 000014876 | 15/07/2025 | 24/03/2016 | Book - Borrowing | |||||
| Dewey Decimal Classification | Alahram | Central Library | Central Library | First floor | 04/03/2009 | 379 | 8 | 1 | 615.1 KAR NR | 000015188 | 12/10/2024 | 01/10/2023 | CD | DVD - With book |